| Tag |
First Indicator |
Second Indicator |
Subfields |
| LEADER |
00000cam a2200000 4500 |
| 001 |
in00000282425 |
| 005 |
20151010090459.0 |
| 008 |
790706s1916 enka 00010 eng d |
| 035 |
|
|
|a (OCoLC)05146348
|
| 035 |
|
|
|9 ABG4425AM
|
| 040 |
|
|
|a TXA
|c TXA
|d UtOrBLW
|
| 049 |
|
|
|a TXAM
|c [712158]
|
| 090 |
|
|
|a SB357
|b T42
|
| 100 |
1 |
|
|a Thomas, H. H.
|q (Harry Higgott)
|
| 245 |
1 |
0 |
|a Fruit growing for amateurs /
|c by H. H. Thomas, assisted by J. Gardner.
|
| 264 |
|
1 |
|a London,
|a New York [etc.] :
|b Cassell and company, ltd.,
|c [1916]
|
| 300 |
|
|
|a vi, 151 pages including frontispiece, illustrations
|
| 336 |
|
|
|a text
|b txt
|2 rdacontent
|
| 337 |
|
|
|a unmediated
|b n
|2 rdamedia
|
| 338 |
|
|
|a volume
|b nc
|2 rdacarrier
|
| 500 |
|
|
|a Imprint covered by label New York, Funk & Wagnalls.
|
| 650 |
|
0 |
|a Fruit-culture.
|
| 700 |
1 |
|
|a Gardner, J.
|
| 999 |
|
|
|a MARS
|
| 999 |
f |
f |
|s 3e57f332-5c4e-37c2-a2e2-12c9b32eefa6
|i cdb0da59-e6c8-3d74-8e91-571c2ea0f4ab
|t 0
|
| 952 |
f |
f |
|p ric
|a Texas A&M University
|b Rellis Campus
|c Joint Library Facility
|d Remote Storage
|t 0
|e SB357 T42
|h Library of Congress classification
|i unmediated -- volume
|m A14805200709
|
| 998 |
f |
f |
|a SB357 T42
|t 0
|l Remote Storage
|